000 00716nam a22002297a 4500
003 OSt
005 20140310182204.0
008 130903t xxu||||| |||| 00| 0 eng d
020 _a0440508568
050 _aQ 173
_b.W862 1997
082 _aHS 793.08
_bW83 1997
100 _aWalke, Robert L.
_916359
245 _aWhat Einstein didn't know :
_bscientific answer to everyday questions /
_cRobert L. Wolke
260 _aNew York :
_bDell Publishing,
_cc1997.
300 _a270 p. :
_c22 cm.
650 _aScientific recreations
_916360
650 _aRecreations,scientific
_916361
650 _aMiscellanea
_xscientific
_916362
650 _aQuestions & answer
_916363
942 _2lcc
_cHS
999 _c10278
_d10278